| 000 | 01369cam a2200337 a 4500 | ||
|---|---|---|---|
| 001 | 0000005273 | ||
| 005 | 20170406120509.0 | ||
| 008 | 951003s1995 enka b 001 0 eng | ||
| 010 | _a 95210719 | ||
| 020 | _a0750624043 (v. 1) | ||
| 020 | _a0750624035 (v. 2) | ||
| 035 | _9(DLC) 95210719 | ||
| 040 |
_aDLC _cDLC _dDLC |
||
| 050 | 0 | 0 |
_aTJ163.12 _b.D47 1995 |
| 245 | 0 | 0 |
_aDesigning intelligent machines / _cprepared by an Open University course team. |
| 246 | 3 | 0 | _aMechatronics: designing intelligent machines |
| 260 |
_aOxford ; _aBoston : _bButterworth Heinemann ; _aMilton Keynes, UK : _bOpen University, _c1995. |
||
| 300 |
_a2 v. : _bill. ; _c25 cm. |
||
| 504 | _aIncludes bibliographical references and indexes. | ||
| 505 | 0 | _av. 1. Perception, cognition, and execution / edited by George Rzevski -- v. 2. Concepts in artificial intelligence / by Jeffrey Johnson and Philip Picton. | |
| 650 | 0 | _aMechatronics. | |
| 650 | 0 | _aIntelligent control systems. | |
| 650 | 0 | _aArtificial intelligence. | |
| 700 | 1 |
_aRzevski, G. _q(George) |
|
| 700 | 1 |
_aJohnson, J. _q(Jeffrey) |
|
| 700 | 1 | _aPicton, Philip. | |
| 710 | 2 | _aOpen University. | |
| 856 | 4 | 2 |
_3Publisher description _uhttp://www.loc.gov/catdir/description/els032/95210719.html |
| 856 | 4 | 1 |
_3Table of contents _uhttp://www.loc.gov/catdir/toc/els032/95210719.html |
| 908 | _a141209 | ||
| 999 |
_c5075 _d5075 |
||